|
|
|
|
| LEADER |
00000nam0a2200000 4500 |
| 001 |
36125 |
| 005 |
20231031001100.0 |
| 035 |
|
|
|a (RuTPU)RU\TPU\book\36592
|
| 035 |
|
|
|a BOOK00003244
|
| 090 |
|
|
|a 36125
|
| 100 |
|
|
|a 20011210d1968 m y0rusy50 ca
|
| 101 |
0 |
|
|a rus
|
| 102 |
|
|
|a RU
|
| 105 |
|
|
|a a j 001zy
|
| 200 |
1 |
|
|a Пылеулавливание и очистка газов
|e учебное пособие
|f Г. М. Гордон, И. Л. Пейсахов
|
| 205 |
|
|
|a 2-е изд., перераб. и доп.
|
| 210 |
|
|
|a Москва
|c Металлургия
|d 1968
|
| 215 |
|
|
|a 499 с.
|c ил.
|
| 610 |
1 |
|
|a химия
|
| 610 |
1 |
|
|a цветная металлургия
|
| 610 |
1 |
|
|a промышленность
|
| 610 |
1 |
|
|a обеспыливание
|
| 610 |
1 |
|
|a примеси
|
| 610 |
1 |
|
|a газы
|
| 610 |
1 |
|
|a пылеуловители
|
| 610 |
1 |
|
|a расчеты
|
| 610 |
1 |
|
|a таблицы
|
| 610 |
1 |
|
|a учебные пособия
|
| 675 |
|
|
|a 621.7м2(075.32)
|v 3
|
| 675 |
|
|
|a 628.8(075.32)
|v 3
|
| 675 |
|
|
|a 66.074(075.32)
|v 3
|
| 700 |
|
1 |
|a Гордон
|b Г. М.
|g Григорий Михайлович
|
| 701 |
|
1 |
|a Пейсахов
|b И. Л.
|g Исаак Лейбович
|
| 801 |
|
0 |
|a RU
|b 63413507
|c 20011210
|g PSBO
|
| 801 |
|
2 |
|a RU
|b 63413507
|c 20160316
|g PSBO
|
| 900 |
|
|
|a Теоретические основы создания систем охраны окружающей среды
|
| 942 |
|
|
|c BK
|
| 952 |
|
|
|a 550500
|b 110000
|